000 02440nam a2200313Ia 4500
003 PE SENCICO BE
005 20251020182426.0
008 200515s9999 xx 000 0 und d
020 _a978-84-252-2452-2
040 _aPE SENCICO BE
_cPE SENCICO BE
041 _aspa
_apor
082 _a721.47
_bW32
100 1 _91447
_aWassouf, Micheel
_eautor
245 1 0 _aPassivhaus de la casa pasiva al estándar :
_bla arquitectura pasiva en climas cálidos = da casa passiva à norma : a arquitectura passiva em climas quentes /
_cMicheel Wassouf
250 _a1a ed.
260 _aBarcelona :
_bGG,
_c2022
300 _a143 páginas :
_bilustraciones, diagramas ;
_c24 cm.
500 _aTexto en español y portugués.
504 _aBibliografía: p. 141-143.
520 3 _aSi bien el concepto de "casa pasiva" remonta sus orígenes a la década de 1970, no fue hasta la creación de Passivhaus (el estándar de origen alemán de optimización energética para la construcción de viviendas) cuando esta práctica de arquitectura sostenible llegó a su edad adulta. Desde que se construyera el primer edificio Passivhaus en Alemania a principios de la década de 1990, el protocolo Passivhaus se ha aplicado con éxito en edificios ubicados por todo el mundo, desde la fría ciudad de Oslo hasta la tropical Shanghái. Este libro expone el concepto de arquitectura pasiva, explica el estándar Passivhaus y explora su aplicación en el marco de los territorios de climas cálidos. Con un enfoque práctico y directo, el autor presenta los conceptos básicos de esta normalización constructiva, las tecnologías actuales con las que trabaja y las pautas fundamentales para su aplicación en países de climas templados y cálidos. El libro se estructura en tres capítulos: la arquitectura pasiva, el estándar Passivhaus y un tercer bloque donde se aplica la herramienta PHPP a edificios de referencia de ciudades de climas cálidos y tropicales como Madrid, Lisboa, Ciudad de México o Río de Janeiro. Además, se presentan diversos ejemplos de edificios Passivhaus que demuestran la viabilidad del estándar en estas zonas.
650 1 0 _aArquitectura y clima
_9188
650 2 0 _aArquitectura ecológica
_9806
650 2 0 _aEnergía solar
_91014
650 2 0 _aArquitectura bioclimática
_9189
650 2 0 _aEdificios ecológicos
_9868
650 2 0 _aTecnología de la construcción
_9589
942 _cLIB
_2ddc
999 _c116
_d116